Método típico de enseñanza primaria para lectura i escritura

Kaydedildi:
Detaylı Bibliyografya
Yazar: Mercado, Ramón (autor)
Materyal Türü: Kitap
Dil:İspanyolca
Baskı/Yayın Bilgisi: Bogotá s. n 1873
Edisyon:1a. ed
Konular:
Etiketler: Etiketle
Etiket eklenmemiş, İlk siz ekleyin!

MARC

LEADER 00000nam a2200000 a 4500
001 UCJ4817
003 CL-VaPUC
008 070124e18730720CK |||||||||||||||||spa|d
082 0 4 |a 370  |b MER  |2 21 
100 |a Mercado, Ramón  |e autor  |9 509193 
245 1 0 |a Método típico de enseñanza primaria para lectura i escritura 
250 |a 1a. ed 
300 |a 35 p 
942 |c BK 
945 |d 20070124 00:00:00  |a rinostro 
260 |a Bogotá  |b s. n  |c 1873 
500 |a Empastado junto a otras monografías en un volumen rotulado HISTORIA POLITICA Y ECONOMICA DE CHILE; ubicación 983 VIC 
650 0 |a Didáctica   |9 369923 
650 0 |a Metodología de la enseñanza   |9 380289 
650 0 |a Lectura  |9 307634 
650 0 |a Escritura  |9 264941 
650 0 |a Alfabetización   |9 310435 
651 0 |a Colombia  |9 256424 
583 |a last modification  |c 20070124 00:00:00  |k Rodrigo Vera 
999 |c 320932  |d 320930 
952 |0 0  |1 0  |4 0  |6 370_000000000000000_MER_1873  |7 0  |8 X  |9 399568  |a FDOBUD  |b FDOBUD  |d 2019-11-22  |i 1026291  |o 370 MER 1873  |p 1026291  |r 2019-11-22  |w 2019-11-22  |y BK_X  |k BUD